La perfecta casada y selección de poesías

Enregistré dans:
Détails bibliographiques
Auteur principal: León, Fray Luis de (Auteur)
Format: Livre
Langue:espagnol
Publié: Santiago Ercilla 1984
Collection:Los Mejores Libros de la Literatura Española, 13
Sujets:
Tags: Ajouter un tag
Pas de tags, Soyez le premier à ajouter un tag!

MARC

LEADER 00000cam a2200000 a 4500
001 UCF8268
003 CL-VaPUC
008 130808e19840800cl |||||||||||||||||spa|d
082 0 4 |a 860  |b LEO  |2 21 
100 0 |a León, Fray Luis de  |e author  |9 255943 
245 1 3 |a La perfecta casada y selección de poesías 
300 |a 255 p 
942 |c BK 
945 |d 20130808 11:32:00  |a dcastane 
260 |a Santiago  |b Ercilla  |c 1984 
650 0 |a Literatura española  |9 306261 
650 0 |a Ensayos españoles  |9 313128 
650 0 |a Poesías españolas  |9 265100 
583 |a last modification  |c 20130808 11:32:00  |k Rodrigo Vera 
490 0 |a Los Mejores Libros de la Literatura Española, 13 
999 |c 352888  |d 352886